ROTY´s do KPOP - Statistics

Estatísticas Gerais
  • Esse quiz foi jogado 18 vezes
  • A pontuação média é 9 de 19
Estatísticas das Respostas
Hint Resposta % Correto
2015 IKON | TWICE
88%
2018 Stray Kids | IZONE
88%
2010 CNBLUE | Miss A
81%
2021 ENHYPEN | Aespa
81%
2019 Tomorrow By Together | ITZY
75%
2007 FT Island | Wonder Girls
69%
2022 XdinaryHeroes | IVE
69%
2024 TWS | ILLIT
56%
2025 CORTIS | Hearts2Hearts
50%
2016 NCT 127 | I.O.I
44%
2009 Supreme Team | 2NE1
44%
2008 SHINEE | DAVICHI
38%
2014 WINNER
38%
2011 Huh Gak | Apink
25%
2017 Wanna One | Pristin
19%
2023 ZEROBASEONE | TripleS
19%
2020 TREASURE | Weeekly
13%
2013 Roy KIM | Crayon Pop
6%
2012 Busker Busker | Ailee
0%
Nenhum quiz correspondente encontrado
Distribuição das Pontuações
Porcentagem de Pessoas com Cada Pontuação
Percentil de Números Respondidos
Sua Pontuação Histórica
Você não jogou esse quiz